|
|
|
|
| LEADER |
01293nam a2200325Ia 4500 |
| 001 |
EBC380755 |
| 003 |
MiAaPQ |
| 005 |
20200520144314.0 |
| 006 |
m o d | |
| 007 |
cr cn||||||||| |
| 008 |
000505s2000 enka s 000 0 eng d |
| 020 |
|
|
|z 9780853239130
|
| 020 |
|
|
|z 0853239134
|
| 020 |
|
|
|z 085323504X (pbk)
|
| 035 |
|
|
|a (MiAaPQ)EBC380755
|
| 035 |
|
|
|a (Au-PeEL)EBL380755
|
| 035 |
|
|
|a (CaPaEBR)ebr10369455
|
| 035 |
|
|
|a (OCoLC)476210117
|
| 040 |
|
|
|a MiAaPQ
|c MiAaPQ
|d MiAaPQ
|
| 050 |
|
4 |
|a HD7288.78.D4
|b T577 2000
|
| 100 |
1 |
|
|a Tipple, A. Graham.
|
| 245 |
1 |
0 |
|a Extending themselves
|h [electronic resource] :
|b user-initiated transformations of government-built housing in developing countries /
|c Graham Tipple.
|
| 260 |
|
|
|a Liverpool :
|b Liverpool University Press,
|c 2000.
|
| 300 |
|
|
|a x, 358 p. :
|b ill.
|
| 533 |
|
|
|a Electronic reproduction. Ann Arbor, MI : ProQuest, 2015. Available via World Wide Web. Access may be limited to ProQuest affiliated libraries.
|
| 650 |
|
0 |
|a Public housing
|x Management
|x Tenant participation
|z Developing countries.
|
| 650 |
|
0 |
|a Housing rehabilitation
|z Developing countries.
|
| 655 |
|
4 |
|a Electronic books.
|
| 710 |
2 |
|
|a ProQuest (Firm)
|
| 856 |
4 |
0 |
|u https://ebookcentral.proquest.com/lib/matrademy/detail.action?docID=380755
|z Click to View
|